LEADER 03291oam 2200793I 450 001 9910783653103321 005 20230617004505.0 010 $a1-135-76819-6 010 $a0-429-23020-6 010 $a1-135-76820-X 010 $a1-280-23974-3 010 $a9786610239740 010 $a0-203-31289-9 024 7 $a10.4324/9780203312896 035 $a(CKB)1000000000248761 035 $a(EBL)199696 035 $a(OCoLC)475907159 035 $a(SSID)ssj0000128694 035 $a(PQKBManifestationID)11131619 035 $a(PQKBTitleCode)TC0000128694 035 $a(PQKBWorkID)10084748 035 $a(PQKB)10736555 035 $a(MiAaPQ)EBC199696 035 $a(Au-PeEL)EBL199696 035 $a(CaPaEBR)ebr10162587 035 $a(CaONFJC)MIL23974 035 $a(OCoLC)229924579 035 $a(EXLCZ)991000000000248761 100 $a20180331d2004 uy 0 101 0 $aeng 135 $aur|n|---||||| 181 $ctxt 182 $cc 183 $acr 200 10$aConfronting past human rights violations $ejustice vs. peace in times of transition /$fChandra Lekha Sriram 205 $a1st ed. 210 1$aNew York :$cFrank Cass,$d2004. 215 $a1 online resource (253 p.) 225 1 $aThe Cass series on peacekeeping,$x1367-9880 ;$v14 300 $aDescription based upon print version of record. 311 $a0-415-40758-3 311 $a0-7146-5599-6 320 $aIncludes bibliographical references and index. 327 $aBook Cover; Half-title; Title; Copyright; Contents; Preface; Acknowledgements; List of abbreviations; Introduction; 1 What makes accountability possible?; 2 Global experiences in transitional justice; 3 El Salvador; 4 Argentina; 5 Honduras; 6 South Africa; 7 Sri Lanka; Conclusion; Bibliography; Index 330 $aThis book examines what makes accountability for previous violations more or less possible for transitional regimes to achieve. It closely examines the other vital goals of such regimes against which accountability is often balanced. The options available are not simply prosecution or pardon, as the most heated polemics of the debate over transitional justice suggest, but a range of options from complete amnesty through truth commissions and lustration or purification to prosecutions. The question, then, is not whether or not accountability can be achieved, but what degree of accountability ca 410 0$aCass series on peacekeeping ;$v14. 606 $aTruth commissions$vCase studies 606 $aHuman rights$vCase studies 606 $aCrimes against humanity$vCase studies 606 $aWar crimes$vCase studies 606 $aGovernment liability$vCase studies 606 $aRestorative justice$vCase studies 606 $aAmnesty$vCase studies 615 0$aTruth commissions 615 0$aHuman rights 615 0$aCrimes against humanity 615 0$aWar crimes 615 0$aGovernment liability 615 0$aRestorative justice 615 0$aAmnesty 676 $a323.4/9 700 $aSriram$b Chandra Lekha$f1971,$01484007 801 0$bMiAaPQ 801 1$bMiAaPQ 801 2$bMiAaPQ 906 $aBOOK 912 $a9910783653103321 996 $aConfronting past human rights violations$93702462 997 $aUNINA LEADER 02622oam 2200613 450 001 9910829083403321 005 20230828233138.0 010 $a9781441107060$be-book 010 $a1441107061$be-book 010 $a9781283202497 010 $a1283202492 010 $z9786613202499 035 $a(CKB)2670000000106733 035 $a(EBL)742742 035 $a(OCoLC)741691295 035 $a(MiAaPQ)EBC5309435 035 $a(MiAaPQ)EBC742742 035 $a(Au-PeEL)EBL5309435 035 $a(CaPaEBR)ebr11518407 035 $a(OCoLC)1027205190 035 $a(Au-PeEL)EBL742742 035 $a(CaONFJC)MIL320249 035 $a(EXLCZ)992670000000106733 100 $a20180314d20062006 uy 0 101 0 $aeng 135 $aurcn#---uuuuu 181 $2rdacontent 182 $2rdamedia 183 $2rdacarrier 200 10$aCulture of fear revisited $erisk-taking and the morality of low expectation /$fFrank Furedi 205 $aFourth edition. 210 1$aLondon, [England] ;$aNew York, New York :$cContinuum,$d2006. 210 4$dİ2006 215 $a1 online resource (235 pages) 300 $aDescription based upon print version of record. 311 0 $a0826493955 320 $aIncludes bibliographical references and index. 327 $aContents; Preface; Chapter 1 What is Distinct About the Way We Fear?; Chapter 2 The Explosion of Risks; Chapter 3 Why Do We Panic?; Chapter 4 The Culture of Abuse; Chapter 5 A World of Risky Strangers; Chapter 6 Who Can You Trust?; Chapter 7 The New Etiquette; Chapter 8 Conclusions - The Politics of Fear; Bibliography; Index 330 $aFear has become an ever-expanding part of life in the West in the twenty-first century. We live in terror of disease, abuse, stranger danger, environmental devastation and terrorist onslaught. We are bombarded with reports of new concerns for our safety and that of our children, and urged to take greater precautions and seek more protection. But compared to the past, or to the developing world, people in contemporary Western societies have much less familiarity with pain, suffering, debilitating disease and death. We actually enjoy an unprecedented level of personal safety. When confronted wit 606 $aFear 606 $aUncertainty 606 $aRisk 615 0$aFear. 615 0$aUncertainty. 615 0$aRisk. 676 $a302/.12 700 $aFuredi$b Frank$f1947-$0592384 801 0$bMiAaPQ 801 1$bMiAaPQ 801 2$bMiAaPQ 906 $aBOOK 912 $a9910829083403321 996 $aCulture of fear revisited$93929587 997 $aUNINA LEADER 01975oam 2200457 450 001 9910814941803321 005 20170523091603.0 010 $a1-5063-1081-8 010 $a1-4522-7632-3 010 $a1-78402-464-3 010 $a1-4129-6933-6 035 $a(OCoLC)855731851 035 $a(MiFhGG)GVRL6MSW 035 $a(EXLCZ)993520000000003710 100 $a20130409d2013 uy 0 101 0 $aeng 135 $aurun|---uuuua 181 $ctxt 182 $cc 183 $acr 200 00$aEncyclopedia of military science /$feditor, G. Kurt Piehler; associate editor, M. Houston Johnson V 210 1$aThousand Oaks, Calif. :$cSAGE Publications,$d2013. 215 $a1 online resource (xxxvi, 1824 pages) $cillustrationsmaps 225 0 $aGale eBooks 300 $aA Sage reference publication. 311 $a1-322-30772-5 311 $a1-4522-7633-1 320 $aIncludes bibliographical references and index. 327 $aVolume 1. A-C -- Volume 2. D-M -- Volume 3. N-S -- Volume 4. T-Z. 330 8 $aA comprehensive, ready-reference on the organization, training, traditions, purpose, and functions of today's military. A large component is devoted to issues of leadership, group dynamics, motivation, problem-solving, and decision making in the military context. It also covers recent American military history since the end of the Cold War with a special emphasis on peacekeeping and peacemaking operations, the First Persian Gulf War, the events surrounding 9/11, and the wars in Afghanistan and Iraq and how the military has been changing in relation to these events. 606 $aMilitary art and science$vEncyclopedias 615 0$aMilitary art and science 676 $a355.003 702 $aPiehler$b G. Kurt. 702 $aJohnson$b M. Houston$cV., 801 0$bMiFhGG 801 1$bMiFhGG 906 $aBOOK 912 $a9910814941803321 996 $aEncyclopedia of military science$94093547 997 $aUNINA